MCU(ish) Projects - Statistics

General Stats
  • This quiz has been taken 33 times
    20 since last reset
  • The average score is 59 of 123
Answer Stats
Release Date Film % Correct
2-5-2008 Iron Man
100%
3-5-2002 Spider-Man
93%
3-7-2012 The Amazing Spider-Man
93%
22-7-2011 Captain America: The First Avenger
87%
7-5-2010 Iron Man 2
87%
3-5-2013 Iron Man 3
87%
30-6-2004 Spider-Man 2
87%
4-5-2007 Spider-Man 3
87%
13-6-2008 The Incredible Hulk
87%
6-5-2016 Captain America: Civil War
80%
2-7-2019 Spider-Man: Far From Home
80%
7-7-2017 Spider-Man: Homecoming
80%
17-12-2021 Spider-Man: No Way Home
80%
4-5-2012 The Avengers
80%
1-5-2015 Avengers: Age of Ultron
73%
27-4-2018 Avengers: Infinity War
73%
7-7-2021 Black Widow
73%
4-4-2014 Captain America: The Winter Soldier
73%
9-6-2021 / 14-7-2021 Loki (S1)
73%
Summer 2023 Loki (S2)
73%
6-5-2011 Thor
73%
15-1-2021 / 5-3-2021 WandaVision (S1)
73%
15-7-2015 Ant-Man
67%
6-7-2018 Ant-Man and the Wasp
67%
26-4-2019 Avengers: Endgame
67%
16-2-2018 Black Panther
67%
11-11-2022 Black Panther: Wakanda Forever
67%
4-11-2016 Doctor Strange
67%
5-11-2021 Eternals
67%
1-8-2014 Guardians of the Galaxy
67%
2-5-2014 The Amazing Spider-Man 2
67%
8-7-2022 Thor: Love and Thunder
67%
3-11-2017 Thor: Ragnarok
67%
8-11-2013 Thor: The Dark World
67%
5-10-2018 Venom
67%
10-4-2015 Daredevil (S1)
60%
18-3-2016 Daredevil (S2)
60%
19-10-2018 Daredevil (S3)
60%
5-5-2017 Guardians of the Galaxy Vol. 2
60%
5-5-2023 Guardians of the Galaxy Vol. 3
60%
24-11-2021 / 22-12-2021 Hawkeye (S1)
60%
17-11-2017 The Punisher (S1)
60%
18-1-2019 The Punisher (S2)
60%
1-10-2021 Venom: Let There Be Carnage
60%
17-2-2023 Ant-Man and the Wasp: Quantumania
53%
6-9-2024 Blade
53%
8-3-2019 Captain Marvel
53%
14-2-2025 Fantastic Four
53%
17-3-2017 Iron Fist (S1)
53%
7-9-2018 Iron Fist (S2)
53%
20-11-2015 Jessica Jones (S1)
53%
8-3-2018 Jessica Jones (S2)
53%
14-6-2019 Jessica Jones (S3)
53%
30-9-2016 Luke Cage (S1)
53%
22-6-2018 Luke Cage (S2)
53%
Spring 2023 Secret Invasion (S1)
53%
1-5-2026 Avengers: Secret Wars
47%
2-5-2025 Avengers: The Kang Dynasty
47%
6-5-2022 Doctor Strange in the Multiverse of Madness
47%
Summer 2023 Echo (S1)
47%
30-3-2022 / 4-5-2022 Moon Knight (S1)
47%
8-6-2022 / 13-7-2022 Ms. Marvel (S1)
47%
18-8-2017 The Defenders (S1)
47%
28-7-2023 The Marvels
47%
11-8-2021 / 6-10-2021 What If...? (S1)
47%
Early 2023 What If...? (S2)
47%
TBA What If...? (S3)
47%
3-5-2024 Captain America: New World Order
40%
1-4-2022 Morbius
40%
3-9-2021 Shang-Chi and the Legend of the Ten Rings
40%
18-8-2022 / 13-10-2022 She-Hulk: Attorney at Law (S1)
40%
19-3-2021 / 23-4-2021 The Falcon and the Winter Soldier (S1)
40%
25-11-2022 The Guardians of the Galaxy Holiday Special
40%
Winter 2023/2024 Agatha: Coven of Chaos (S1)
33%
6-1-2015 / 24-2-2015 Agent Carter (S1)
33%
19-1-2016 / 1-3-2016 Agent Carter (S2)
33%
24-9-2013 /12-11-2013 Agents of S.H.I.E.L.D. (S1 E1-7)
33%
8-4-2014 / 13-5-2014 Agents of S.H.I.E.L.D. (S1 E17-22)
33%
19-11-2013 / 1-4-2014 Agents of S.H.I.E.L.D. (S1 E8-16)
33%
23-9-2014 / 28-4-2015 Agents of S.H.I.E.L.D. (S2 E1-19)
33%
5-5-2015 / 12-5-2015 Agents of S.H.I.E.L.D. (S2 E20-22)
33%
29-9-2015 / 8-12-2015 Agents of S.H.I.E.L.D. (S3 E1-10)
33%
8-3-2016 / 3-5-2016 Agents of S.H.I.E.L.D. (S3 E11-19)
33%
10-5-2016 / 17-5-2016 Agents of S.H.I.E.L.D. (S3 E20-22)
33%
20-9-2016 / 16-5-2017 Agents of S.H.I.E.L.D. (S4)
33%
1-12-2017 / 20-4-2018 Agents of S.H.I.E.L.D. (S5 E1-18)
33%
27-4-2018 / 18-5-2018 Agents of S.H.I.E.L.D. (S5 E19-22)
33%
10-5-2019 / 2-8-2019 Agents of S.H.I.E.L.D. (S6)
33%
27-5-2020 / 12-8-2020 Agents of S.H.I.E.L.D. (S7)
33%
7-6-2018 / 2-8-2018 Cloak & Dagger (S1)
33%
4-4-2019 / 30-5-2019 Cloak & Dagger (S2)
33%
Spring 2024 Daredevil: Born Again (S1)
33%
8-11-2024 Deadpool 3
33%
10-8-2022 I Am Groot (S1)
33%
TBA I Am Groot (S2)
33%
6-8-2023 Kraven the Hunter
33%
3-9-2013 Marvel One-Shot: Agent Carter
33%
2024 Marvel Zombies (S1)
33%
21-11-2017 / 9-1-2018 Runaways (S1)
33%
21-12-2018 Runaways (S2)
33%
13-12-2019 Runaways (S3)
33%
2024 Spider-Man: Freshman Year (S1)
33%
26-7-2024 Thunderbolts
33%
TBA Armor Wars
27%
29-9-2017 / 10-11-2017 Inhumans (S1)
27%
16-2-2024 Madame Web
27%
25-10-2011 Marvel One-Shot: A Funny Thing Happened on the Way to Thor's Hammer
27%
4-2-2014 Marvel One-Shot: All Hail the King
27%
7-10-2022 Werewolf by Night
27%
13-12-2016 Agents of S.H.I.E.L.D.: Slingshot (S1)
20%
25-9-2012 Marvel One-Shot: Item 47
20%
13-9-2011 Marvel One-Shot: The Consultant
20%
16-10-2020 Helstrom (S1)
13%
Fall 2023 Ironheart (S1)
13%
20-2-2018 Marvel One-Shot: Team Darryl
13%
28-8-2016 Marvel One-Shot: Team Thor: Part 1
13%
14-2-2017 Marvel One Shot: Team Thor: Part 2
13%
17-9-2019 Peter's To-Do-List
13%
TBA Spider-Man: Sophomore Year (S2)
13%
TBA Vision Quest
13%
2-7-2015 / 16-7-2015 WHiH Newsfront (S1)
13%
22-4-2016 / 3-5-2016 WHiH Newsfront (S2)
13%
12-1-2024 El Muerto
0%
No matching quizzes found
Score Distribution
Percent of People with Each Score
Percentile by Number Answered
Your Score History
You have not taken this quiz since the last reset